Welcome to CU Library Online Public Access Catalogue (OPAC)

Teaching for Health/ (Record no. 2827)

MARC details
000 -LEADER
fixed length control field 00479nam a22001577a 4500
005 - DATE AND TIME OF LATEST TRANSACTION
control field 20250122161458.0
008 - FIXED-LENGTH DATA ELEMENTS--GENERAL INFORMATION
fixed length control field 250122b |||||||| |||| 00| 0 eng d
020 ## - INTERNATIONAL STANDARD BOOK NUMBER
International Standard Book Number 9780443072987
050 ## - LIBRARY OF CONGRESS CALL NUMBER
Classification number RA420 TEA
245 ## - TITLE STATEMENT
Title Teaching for Health/
Statement of responsibility, etc. revised by Alice M. Kiger, Foreword by Leslie Hardy, Lyn Coutts Mitchell
250 ## - EDITION STATEMENT
Edition statement 3rd ed.
260 ## - PUBLICATION, DISTRIBUTION, ETC.
Place of publication, distribution, etc. Edinburgh
Name of publisher, distributor, etc. Churchill Livingstone
Date of publication, distribution, etc. 2004
300 ## - PHYSICAL DESCRIPTION
Extent 246p.
Dimensions 24.5cm
700 ## - ADDED ENTRY--PERSONAL NAME
Personal name Kiger, Alice M.
942 ## - ADDED ENTRY ELEMENTS (KOHA)
Source of classification or shelving scheme Library of Congress Classification
Koha item type Books
Edition 3rd ed.
Suppress in OPAC No
999 ## -
-- 2827
-- 2827
Holdings
Withdrawn status Lost status Source of classification or shelving scheme Damaged status Not for loan Collection Home library Current library Shelving location Date acquired Total checkouts Full call number Barcode Date last seen Copy number Price effective from Koha item type
    Library of Congress Classification     Non-fiction Science Library (Miotso) Science Library (Miotso) General stacks 01/22/2025   RA420 TEA SLM00002211 01/22/2025 1 01/22/2025 Books
    Library of Congress Classification     Non-fiction Science Library (Miotso) Science Library (Miotso) General stacks 01/22/2025   RA420 TEA SLM00002212 01/22/2025 2 01/22/2025 Books
    Library of Congress Classification     Non-fiction Science Library (Miotso) Science Library (Miotso) General stacks 01/22/2025   RA420 TEA SLM00002213 01/22/2025 3 01/22/2025 Books
© 2023-2024 Copyright: Central University Libraries. All Rights Reserved | Created by: Mahone Tech Office